000 00380nam a22001457a 4500
008 220121b ||||| |||| 00| 0 eng d
020 _a9789351501664
050 _aPN1991.73
_b1
082 _a808.222
_b1
100 _aDe Fossard Esta
_97519
245 _aWriting and Producing Radio Dramas
260 _aNew Delhi
_bSAGE Publications
_c2005
300 _a294.P
942 _2ddc
_cBK
999 _c11945
_d11945